000 00821nam a2200265 a 4500
001 11685
003 BD-RjUL
005 20211208235151.0
008 500101s1927 enk b 001 0 eng d
035 _a(BD-RjUL)11734
040 _aBD-RjUL
_cBD-RjUL
_dBD-RjUL
_beng
041 _aeng
082 _223
_a915.3
_bBUS 1927
100 1 _aBukhsh, S. Khuda.
_9221801
245 1 0 _aStudies :
_bIndian and Islamic /
_cby S. Khuda Bukhsh
260 _aLondon :
_bKegan Paul, Trench, Trübner,
_c1927
300 _axii, 275 p. ;
_c21 cm
490 _aTrübner's oriental series.
504 _aIncludes bibliographical references and index
650 0 _aIslamic civilization
_9221802
650 0 _aReligion.
_9221805
651 0 _aIndia
_xReligion
_9221803
830 0 _aTrübner's oriental series.
_9221806
942 _2ddc
_cRAR
999 _c11685
_d11685